INTRINSIC SAFETY THE SAFE USE OF ELECTRONIC IN HAZARDOUS LOCATIONS (Record no. 584389)

000 -LEADER
fixed length control field 00317nam a22001217a 4500
020 ## - INTERNATIONAL STANDARD BOOK NUMBER
International Standard Book Number 07--94224-2
082 ## - DEWEY DECIMAL CLASSIFICATION NUMBER
Classification number 363.111 RED'I
100 ## - MAIN ENTRY--PERSONAL NAME
Personal name REDDING, R. J
9 (RLIN) 79344
245 ## - TITLE STATEMENT
Title INTRINSIC SAFETY THE SAFE USE OF ELECTRONIC IN HAZARDOUS LOCATIONS
260 ## - PUBLICATION, DISTRIBUTION, ETC.
Place of publication, distribution, etc. NEYORK
Name of publisher, distributor, etc. MCGRAW HILL
Date of publication, distribution, etc. 1971
300 ## - PHYSICAL DESCRIPTION
Extent 180P
942 ## - ADDED ENTRY ELEMENTS (KOHA)
Koha item type Book
Holdings
Withdrawn status Lost status Damaged status Not for loan Permanent Location Current Location Shelving location Date acquired Total Checkouts Full call number Barcode Date last seen Price effective from Koha item type
        College of Electrical & Mechanical Engineering (CEME) College of Electrical & Mechanical Engineering (CEME) General Stacks 07/03/2017   363.111 RED'I CEME-6879 06/28/2021 06/28/2021 Book
© 2023 Central Library, National University of Sciences and Technology. All Rights Reserved.